000 00455nam a2200181Ia 4500
005 20240823041334.0
008 240823s9999||||xx |||||||||||||| ||und||
041 _aENGLISH
082 _A658.2 N2
100 _aPadgaiyan S D
245 0 _aIndustrialization and Peasant Social Formation
250 _a1st
260 _c1992
_b"Rawat,Jaipur"
500 _aYES
650 _aIndustrial Management
_bManagement Studies
942 _cBK
999 _c205266
_d205266